000 00851cab a2200265 4500
001 ABS59496
008 090401t1998 xxu||||| |||| 00| 0 eng d
035 _a(Sirsi) u89020
041 _aeng
100 _aLines, S.
245 _aBuzz in the City
260 _c1998
350 _a0
490 _aEstates Gazette
_v(9837) 12 September 1998, 154-156(3)
520 _aAsks that if with rising rental levels in the City of London, there might be a sustainable workload in rent reviews to warrant the re-introduction of specialist teams.
650 _aCITY OF LONDON
650 _aGROWTH
650 _aNEW MARKETS
650 _aPROPERTY-COMMERCIAL PROPERTY-OFFICE PROPERTY-OFFICE PROPERTY MARKET
650 _aRENT REVIEWS
650 _aRENTAL LEVELS
690 _aLANDLORD AND TENANT-RENT REVIEWS
942 _n0
948 _c15/10/1998
999 _c56299
_d56299